000 00518nam a2200181 4500
001 126798
003 ES-MaACL
005 20251011063131.0
007 t|
008 070214s1952 sp r ||||1| cat d
100 1 _aRiba, Carles,
_d1893-1959
_996698
245 1 0 _aSalvatge cor
_b: sonets /
_cCarles Riba ; próleg del mateix autor.
250 _a1ª ed.
260 _aBarcelona :
_bOssa Menor,
_c1952.
300 _a69 p. ;
_c17 cm.
852 _aES-MaACL
_j1957-F-4
_bR.34441
999 _c126798
_d126798